The noble scholar, jurist, historian


 His Excellency Dr. Abdul Wahhab bin Ibrahim Abu Sulaiman, may Allah have mercy on him.


 He was born in Umm Al-Qura in the year 1356 AH.

اتخاذ القرار بالمصلحة / (Record no. 9086)

MARC details
000 -LEADER
fixed length control field 01660cam a2200361 ia4500
003 - CONTROL NUMBER IDENTIFIER
control field SA-RiAUC
005 - DATE AND TIME OF LATEST TRANSACTION
control field 20250620140508.0
008 - FIXED-LENGTH DATA ELEMENTS--GENERAL INFORMATION
fixed length control field 250620s2005 su g f01010 ara c
020 ## - INTERNATIONAL STANDARD BOOK NUMBER
International Standard Book Number 9960045463 (مجموعة)
020 ## - INTERNATIONAL STANDARD BOOK NUMBER
International Standard Book Number 9960045471 (ج. 1)
020 ## - INTERNATIONAL STANDARD BOOK NUMBER
International Standard Book Number 996004548X (ج. 2)
040 ## - CATALOGING SOURCE
Original cataloging agency SA-RiKSU
Language of cataloging ara
Transcribing agency SA-RiAUC
Description conventions rda
050 #4 - LIBRARY OF CONGRESS CALL NUMBER
Item number .A47 2005
082 04 - DEWEY DECIMAL CLASSIFICATION NUMBER
Classification number 257.4
Assigning agency SA-RiAUC
090 ## - LOCALLY ASSIGNED LC-TYPE CALL NUMBER (OCLC); LOCAL CALL NUMBER (RLIN)
Classification number (OCLC) (R) ; Classification number, CALL (RLIN) (NR) 257.4
Local cutter number (OCLC) ; Book number/undivided call number, CALL (RLIN) ا ل س
100 1# - MAIN ENTRY--PERSONAL NAME
Personal name آل سعود، عبد العزيز بن سطام بن عبد العزيز
Relator term مؤلف.
245 10 - TITLE STATEMENT
Title اتخاذ القرار بالمصلحة /
Statement of responsibility, etc. إعداد عبد العزيز بن سطام بن عبد العزيز آل سعود.
250 ## - EDITION STATEMENT
Edition statement الطبعة الأولى.
264 #1 - PRODUCTION, PUBLICATION, DISTRIBUTION, MANUFACTURE, AND COPYRIGHT NOTICE
Place of production, publication, distribution, manufacture الرياض :
Name of producer, publisher, distributor, manufacturer جامعة الإمام محمد بن سعود الإسلامية، عمادة البحث العلمي،
Date of production, publication, distribution, manufacture, or copyright notice 2005
300 ## - PHYSICAL DESCRIPTION
Extent 2 مجلد ؛
Dimensions 24 سم.
336 ## - CONTENT TYPE
Content type term نص
Content type code txt
Source rdacontent
Materials specified كتاب
337 ## - MEDIA TYPE
Media type term بدون وسيط
Media type code n
Source rdamedia
338 ## - CARRIER TYPE
Carrier type term مجلد
Carrier type code nc
Source rdacarrier
490 0# - SERIES STATEMENT
Series statement سلسلة مشروع وزارة التعليم العالي لنشر ألف رسالة علمية ؛
Volume/sequential designation 58
500 ## - GENERAL NOTE
General note صدرت بمناسبة الاحتفال بمرور مائة عام على تأسيس المملكة العربية السعودية.
590 ## - LOCAL NOTE (RLIN)
Local note يتوافر بالمكتبة : مج. 1، 2.
650 #7 - SUBJECT ADDED ENTRY--TOPICAL TERM
Topical term or geographic name entry element النظام الإداري في الإسلام
Source of heading or term aucsh
650 #7 - SUBJECT ADDED ENTRY--TOPICAL TERM
Topical term or geographic name entry element اتخاذ القرارات
Source of heading or term aucsh
650 #7 - SUBJECT ADDED ENTRY--TOPICAL TERM
Topical term or geographic name entry element الإسلام والإدارة
Source of heading or term aucsh
856 4# - ELECTRONIC LOCATION AND ACCESS
Uniform Resource Identifier <a href="http://10.0.0.80:222/0297.pdf">http://10.0.0.80:222/0297.pdf</a>
942 ## - ADDED ENTRY ELEMENTS (KOHA)
Source of classification or shelving scheme Dewey Decimal Classification
Koha item type Books
Suppress in OPAC No
949 ## - LOCAL PROCESSING INFORMATION (OCLC)
a SA-JeALM
d 250620
u eid123
n 1
Holdings
Withdrawn status Lost status Source of classification or shelving scheme Materials specified (bound volume or other part) Damaged status Not for loan Home library Current library Date acquired Total checkouts Full call number Barcode Date last seen Price effective from Koha item type
    Dewey Decimal Classification الجزء الاول     DR AbdElwahab Library DR AbdElwahab Library 06/20/2025   257.4 ا ل س 000014695 06/20/2025 06/20/2025 Books
    Dewey Decimal Classification الجزء الثاني     DR AbdElwahab Library DR AbdElwahab Library 06/20/2025   257.4 ا ل س 000014696 06/20/2025 06/20/2025 Books